00207 2200085 4500245006200000650001600062005001900078041001400097084001000111 aSharp b : Manual De Instruccione Modelo ER - A440hText aManual Book a20231106131714 aIndonesia a681.1